| Tag |
First Indicator |
Second Indicator |
Subfields |
| LEADER |
00000cem a2200000Ia 4500 |
| 001 |
in00002504721 |
| 005 |
20151201114553.0 |
| 007 |
aj canzn |
| 008 |
880428s1972 dcuag a f 0 eng d |
| 034 |
1 |
|
|a a
|b 24000
|d W0800000
|e W0795230
|f N0400730
|g N0400000
|
| 035 |
|
|
|a (OCoLC)ocm17863412
|
| 035 |
|
|
|a (OCoLC)17863412
|
| 040 |
|
|
|a EJA
|c EJA
|d UUM
|d OCL
|d DNU
|d OCLCQ
|d OCLCG
|d UPM
|d MTG
|d UtOrBLW
|
| 043 |
|
|
|a n-us-pa
|
| 049 |
|
|
|a TXAM
|
| 050 |
1 |
4 |
|a QE158.P76
|b K25
|
| 052 |
|
|
|a 3823
|b W3
|b G7
|
| 086 |
0 |
|
|a I 19.88:GQ-1003
|
| 100 |
1 |
|
|a Kent, Bion H.
|q (Bion Huntley),
|d 1925-
|
| 245 |
1 |
0 |
|a Geologic map of the Prosperity quadrangle, Southwestern Pennsylvania /
|c by Bion H. Kent.
|
| 255 |
|
|
|a Scale 1:24,000
|c (W 80⁰00ʹ00ʺ--W 79⁰52ʹ30ʺ/N 40⁰07ʹ30ʺ--N 40⁰00ʹ00ʺ).
|
| 264 |
|
1 |
|a Washington :
|b Geological Survey,
|c 1972.
|
| 300 |
|
|
|a 1 map :
|b color ;
|c 58 x 43 cm.
|
| 336 |
|
|
|a cartographic image
|b cri
|2 rdacontent
|
| 337 |
|
|
|a unmediated
|b n
|2 rdamedia
|
| 338 |
|
|
|a sheet
|b nb
|2 rdacarrier
|
| 490 |
1 |
|
|a Geologic quadrangle map ;
|v GQ-1003
|
| 500 |
|
|
|a Relief shown by contours and spot heights.
|
| 500 |
|
|
|a "Geology mapped in 1969-70."
|
| 504 |
|
|
|a Includes col. cross section, columnar section, isopach maps, text and bibliographical references.
|
| 500 |
|
|
|a Cartographic material.
|
| 650 |
|
0 |
|a Geology
|z Pennsylvania
|z Washington County
|v Maps.
|
| 650 |
|
0 |
|a Geology
|z Pennsylvania
|z Greene County
|v Maps.
|
| 710 |
2 |
|
|a Geological Survey (U.S.)
|
| 740 |
0 |
|
|a Prosperity quadrangle, Southwestern Pennsylvania, geologic map.
|
| 830 |
|
0 |
|a Geologic quadrangle map ;
|v GQ-1003.
|
| 994 |
|
|
|a C0
|b TXA
|
| 948 |
|
|
|a cataloged
|b h
|c 2010/03/31
|e mvillare
|f 08:51:36 am
|
| 999 |
|
|
|a MARS
|
| 999 |
f |
f |
|s 14bb765e-be4a-34f2-a438-58ad65b8f79b
|i 6d6bbe84-320a-3fb3-a77e-d160d38e1c85
|t 0
|
| 952 |
f |
f |
|p normal
|a Texas A&M University
|b College Station
|c Sterling C. Evans Library
|d Evans: Maps File (2nd floor)
|t 0
|e I 19.88:GQ-1003
|h Superintendent of Documents classification
|i unmediated -- sheet
|m A14837819801
|
| 998 |
f |
f |
|a I 19.88:GQ-1003
|t 0
|l Evans: Maps File (2nd floor)
|